| 000 | 01359pam a2200361 a 4500 | ||
|---|---|---|---|
| 005 | 20260322212020.0 | ||
| 008 | data | ||
| 010 | _a 92007670 | ||
| 020 | _a1564581012 | ||
| 020 | _a9781564581013 | ||
| 040 |
_aDLC _cDLC _dDLC |
||
| 042 | _alcac | ||
| 050 | 0 | 0 |
_aTL547 _b.E85 1992 |
| 082 | 0 | 0 |
_a629.133/03 _220 |
| 092 | _a629 Vis 1992 | ||
| 245 | 1 | 4 |
_aThe visual dictionary of flight/ _cDorling Kindersley, Inc. |
| 246 | 3 | 0 | _aFlight |
| 250 | _a1st American ed. | ||
| 260 |
_aBoston, Mass. : _aNew York : _bDistributed by Houghton Mifflin Co., _aBoston, Mass. : _bDistributed by Houghton Mifflin Co., _c1992. |
||
| 300 |
_a64 p. : _bcol. ill., col. map ; _c32 cm. |
||
| 440 | 0 | _aEyewitness visual dictionaries | |
| 500 | _aIncludes index. | ||
| 520 | _aText and labeled illustrations depict a variety of historic and modern aircraft and their components, as well as aviation-related equipment. | ||
| 650 | 0 |
_aAirplanes _xJuvenile literature. _xJuvenile literature. |
|
| 650 | 0 |
_aAirplanes _xJuvenile literature. _xJuvenile literature. |
|
| 650 | 0 |
_aAeronautics _xJuvenile literature. _xJuvenile literature. |
|
| 650 | 0 |
_aAeronautics _xJuvenile literature. _xJuvenile literature. |
|
| 650 | 0 |
_aPicture dictionaries, English _xJuvenile literature. |
|
| 650 | 1 | _aAirplanes. | |
| 650 | 1 | _aAeronautics. | |
| 720 | 2 | _aDorling Kindersley, Inc. | |
| 001 | data | ||
| 999 |
_c447 _d447 |
||